000 00322 a2200145 4500
001 153547
040 _cEscola São Tomás de Aquino
100 _aMACHADO, Ana Maria
240 1 0 _aDo outro mundo
_lpor
245 1 0 _aDo outro mundo
362 0 _a2002
440 1 _aÁtica
697 _a*LITERATURA JUVENIL
942 _cBK
999 _c153547
_d153547